| 000 | 00454nam a2200169Ia 4500 | ||
|---|---|---|---|
| 008 | 220216s9999 xx 000 0 und d | ||
| 100 | _aJoseph T.[a] | ||
| 245 | 0 | _aCommercial exploitation of ancillary rubber products | |
| 260 |
_bEconomic and Political Weekly _c1994 |
||
| 300 | _a413-415 | ||
| 650 | _aCommercial exploitation | ||
| 650 | _aRubber honey | ||
| 650 | _aRubber seed | ||
| 650 | _aRubber wood | ||
| 700 | _aGeorge K.T. | ||
| 942 | _cBS | ||
| 999 |
_c49724 _d49724 |
||